| 000 | 00496nam a22001937a 4500 | ||
|---|---|---|---|
| 003 | LK-CoDNM | ||
| 005 | 20250116115103.0 | ||
| 008 | 250116b |||||||| |||| 00| 0 eng d | ||
| 040 |
_aLK-CoDNM _dLK-CoDNM _eLK-CoDNM |
||
| 041 | _aeng | ||
| 080 |
_a9 _bF4 |
||
| 100 | _aZittel, Von, A, Karl | ||
| 245 | _aText - Book Paleontology | ||
| 260 |
_aLondon _bMacmillan and Co., Limited _c1902 |
||
| 300 | _aviii, 283p. : ill , ; 22 cm | ||
| 490 | _vVol iii | ||
| 650 | _aScience | ||
| 942 | _cBK | ||
| 999 |
_c236489 _d236489 |
||